Score 0/15 Timer 08:00
0 Plays Today
Question Answer Wrong Answers
Level 1: Who was the Killer in the First Friday the 13th Film? ???
100%
???
0%
???
0%
???
0%
Level 2: What Film did Jason First Get His Iconic Hockey Mask? ???
85.1%
???
8.8%
???
1.8%
???
3.5%
Level 3: What was Jason's Mother's Name? ???
80.7%
???
0.9%
???
1.8%
???
1.8%
Level 4: What Actor First Portrayed Hero Tommy Jarvis? ???
71.9%
???
1.8%
???
7%
???
0%
Level 5: Who is the Famous Special Effects Artist that Brought the Kills and Jason to Life? ???
67.5%
???
0.9%
???
1.8%
???
1.8%
Level 6: What State is Camp Crystal Lake Located During the First 8 Films? ???
61.4%
???
1.8%
???
2.6%
???
1.8%
Level 7: Which Actor First Portrayed Jason Voorhees? ???
51.8%
???
3.5%
???
5.3%
???
0.9%
Level 8: Who Composed the Iconic Music for the Film? ???
43.9%
???
2.6%
???
3.5%
???
1.8%
Level 9: What Hollywood Leading Star got their Start in the First Friday Film? ???
43.9%
???
0%
???
0%
???
0%
Level 10: What Character Inspired the Creation of Tina for Friday the 13th Part VII? ???
39.5%
???
2.6%
???
0%
???
1.8%
Level 11: What is the Only Friday Film to not Contain Any Nudity? ???
30.7%
???
4.4%
???
2.6%
???
1.8%
Level 12: What does Rob Tell Trish Jarvis he is Hunting in Part IV? ???
22.8%
???
2.6%
???
3.5%
???
1.8%
Level 13: What is the Name of the Jarvis Dog in Part IV? ???
14.9%
???
2.6%
???
1.8%
???
3.5%
Level 14: In What Year do the First Camp Crystal Lake Murders Happen? ???
9.6%
???
1.8%
???
2.6%
???
0.9%
Level 15: What is the Name of the Cruise Ship in Friday the 13th Part VIII: Jason Takes Manhattan? ???
8.8%
???
0.9%
???
0%
???
0%
Remove Ads.
Support Sporcle.
Get the best of Sporcle when you Go Orange. This ad-free experience offers more features, more stats, and more fun while also helping to support Sporcle. Thank you for becoming a member.

You're not logged in!

Compare scores with friends on all Sporcle quizzes.
OR
Log In

Sporcle TV

Today on Sporcle TV


Watch our educational content, quiz creation guides, and fun videos on Sporcle TV.

Show Comments

Extras

Top Quizzes Today


Score Distribution

Paid Content

Your Account Isn't Verified!

In order to create a playlist on Sporcle, you need to verify the email address you used during registration. Go to your Sporcle Settings to finish the process.

Report this User

Report this user for behavior that violates our Community Guidelines.

Details: